LEADER 01651nam a2200349 u 4500 001 000000077473 003 CaOOAMICUS 005 20070226123326.0 008 040205s1999 wiu u000 u eng u 020 $a0874622212 035 $a10983676 040 $aPUL$bita 041 1 $aeng$hgrc 100 0 $aDionysius Areopagita,$dsec. V-VI.$0(OLS)http://pul/name/2363 240 10$aDe divinis nominibus.$lLatino e tedesco.$0(OLS)http://pul/title/101587 245 14$aThe divine names and The Mystical Theology /$cPseudo-Dionysus Areopagite ; translated from the Greek with an introductory study by John D.Jones.. 260 $aMilwaukee :$bMarquette University Press,$cc1999. 300 $a266 p. ;$c22 cm 490 1 $aMediaeval philosophical texts in translation ;$v21 500 $aReprinted with errata corrigenda. 500 $aContiene indici. 504 $aBibliografia in nota. 700 02$aDionysius Areopagita,$dsec. V-VI$tDe mystica theologia$9(Dionysius Areopagita, Sec. V-VI).$0(OLS)http://pul/name/51503 830 0$aMediaeval philosophical texts in translation ;$v21.$0(OLS)http://pul/title/101536 850 $aPUL 852 $aPUL$W1$xSL Filosofia 1$y2$m82 O 21$j99508$nBK-PRI$b $qStampati$B99508$CPULBib$Z2$F99508 $HPUL93576 $81 900 $aDionigi Areopagita, pseudo,$dsec. V-VI$92363 900 $aPseudo-Dionysius,$dsec. V-VI$92363 941 1 $a8 996 $6020$a0874622212$9(OLS)http://pul/number/101559 996 $6245$aThe divine names and The Mystical Theology$9(OLS)http://pul/title/101588 996 $6260$aMilwaukee :$bMarquette University Press$9(OLS)http://pul/publisher/49546 LEADER 01675nam a2200361 a 4500 001 000000175011 003 CaOOAMICUS 005 20220224164434.0 008 220224s2006 it d 000 u ita r 020 $a88-7313-183-2 032 $aLibriCat 040 $aPUL$bita 082 04$a346.031 245 00$aImpresa socialmente responsabile :$bprocessi e percorsi: la sfida del territorio /$ca cura di Fulvio Colombo, Stefano Landini, Pier Luigi Paolini. 260 $aRoma :$bEdizioni Lavoro,$cİ2006. 300 $a188 p. :$bill., grafici ;$c21 cm. 490 1 $aStudi & ricerche ; $av.138 504 $aBibliografia in nota. 650 4$aImprese$xResponsabilità sociale.$0(OLS)http://pul/subject/35396 650 4$aImprese$xDiritto.$0(OLS)http://pul/subject/17007 650 4$aSindacati$zItalia$ySec. XX.$0(OLS)http://pul/subject/2515 700 1 $aColombo, Fulvio.$0(OLS)http://pul/name/112517 700 1 $aPaolini, Pier Luigi.$0(OLS)http://pul/name/112519 700 1 $aLandini, Stefano.$0(OLS)http://pul/name/112518 830 0$aStudi e ricerche (Edizioni lavoro) ;$v138.$0(OLS)http://pul/title/61328 850 $aPUL 852 $aPUL$W1$xSL Diritto e Scienze Sociali 3$y79$m346. 031 COLFU 1$j199314$qDDC 21$B203987$CPULBib$Z2$F203987 $H135447 $82 941 1 $a9 996 $6020$a88-7313-183-2$9(OLS)http://pul/number/168512 996 $6082$a346.031$9(OLS)http://pul/classification/1800 996 $6245$aImpresa socialmente responsabile :$bprocessi e percorsi: la sfida del territorio$9(OLS)http://pul/title/216407 996 $6260$aRoma :$bEdizioni Lavoro$9(OLS)http://pul/publisher/66881